Normal view MARC view
  • Besnard, Pierre

Entry Nombre Personal

Number of records used in: 3

001 - NUMERO DE CONTROL

  • campo de control: 44106

003 - IDENTIFICADOR DE NUMERO DE CONTROL

  • campo de control: DLC

005 - FECHA Y HORA DE LA ÜLTIMA TRANSACCIÓN

  • campo de control: 20220328092911.0

008 - DATOS DE LONGITUD FIJA

  • campo de control de longitud fija: 220328n| acannaabn |n aaa

010 ## - NÚMERO DE CONTROL DE LA BIBLIOTECA DEL CONGRESO

  • Número de control LC: n 81019730

035 ## - NUMERO DE CONTROL

  • Número de control: (OCoLC)oca00565562

040 ## - FUENTE DE CATALOGACIÓN

  • Agencia original de catalogación: DLC
  • Lenguaje de catalogación: spa
  • Agencia de transcripción: DLC
  • Agencia que lo modifica: OCoLC
  • Agencia que lo modifica: MX-MxUPN

100 1# - ENCABEZAMIENTO - NOMBRE PERSONAL

  • Nombre personal: Besnard, Pierre

373 ## - GRUPO ASOCIADO

  • Associated group: Sorbonne Université

374 ## - OCUPACIÓN

  • Occupation: Profesor universitario

374 ## - OCUPACIÓN

  • Occupation: Sociólogo

375 ## - GÉNERO

  • Gender: masculino

377 ## - LENGUA ASOCIADA

  • Language code: fre

670 ## - FUENTE EN LA QUE SE LOCALIZARON DATOS

  • Cita de la fuente: En su obra: Socio-pédagogie de la formation des adultes, 1974.

670 ## - FUENTE EN LA QUE SE LOCALIZARON DATOS

  • Cita de la fuente: En su obra: La educación permanente, 1979:
  • Información localizada: portada (Pierre Besnard; Doctor en Sociología en la Sorbona)